<?xml version="1.0" encoding="UTF-8"?>
<collection xmlns="http://www.loc.gov/MARC21/slim">
  <record>
    <leader>00000nam  2200000   4500</leader>
    <controlfield tag="001">INLIS000000000014898</controlfield>
    <controlfield tag="005">20251215101036</controlfield>
    <datafield tag="035" ind1="#" ind2="#">
      <subfield code="a">0010-1225000036</subfield>
    </datafield>
    <controlfield tag="007">ta</controlfield>
    <controlfield tag="008">251215###########################0######</controlfield>
    <datafield tag="020" ind1="#" ind2="#">
      <subfield code="a">978-602-71641-0-9</subfield>
    </datafield>
    <datafield tag="082" ind1="#" ind2="#">
      <subfield code="a">332.6</subfield>
    </datafield>
    <datafield tag="084" ind1="#" ind2="#">
      <subfield code="a">332.6 GRA t</subfield>
    </datafield>
    <datafield tag="100" ind1="1" ind2="#">
      <subfield code="a">GRAHAM, Benjamin</subfield>
    </datafield>
    <datafield tag="245" ind1="1" ind2="#">
      <subfield code="a">The Intelligent Investor :</subfield>
      <subfield code="b">Ajaran-Ajaran Inti dalam Berinvestasi /</subfield>
      <subfield code="c">Benjamin Graham; Jason Zweig</subfield>
    </datafield>
    <datafield tag="250" ind1="#" ind2="#">
      <subfield code="a">cet. 1</subfield>
    </datafield>
    <datafield tag="260" ind1="#" ind2="#">
      <subfield code="a">Depok :</subfield>
      <subfield code="b">CV Pijar Nalar Indonesia,</subfield>
      <subfield code="c">2014</subfield>
    </datafield>
    <datafield tag="300" ind1="#" ind2="#">
      <subfield code="a">xvi, 792 halaman ;</subfield>
      <subfield code="c">14,5 x 20,5 cm.</subfield>
      <subfield code="e">indeks</subfield>
    </datafield>
    <datafield tag="500" ind1="#" ind2="#">
      <subfield code="a">Inilah bacaan wajib bagi siapa pun yang mempelajari atau menggeluti dunia investasi. Buku ini menggambarkan dengan sangat brilian kerangka emosional dan alat-alat analisis penting penentu sukses finansial seorang investor. Ajaran-ajaran di dalamnya telah teruji waktu. berakar pada telaah perilaku pasar modal selama lebih dari 100 tahun. anjuran-anjurannya pun nyaris selalu terbukti benar karena bersandar pada 50 tahun lebih pengalaman sang penulis, pemikir terbesar sepanjang masa di bidang investasi -praktis.</subfield>
    </datafield>
    <datafield tag="650" ind1="#" ind2="4">
      <subfield code="a">Investasi</subfield>
    </datafield>
    <datafield tag="650" ind1="#" ind2="4">
      <subfield code="a">Sumbangan Pegawai 2025</subfield>
    </datafield>
    <datafield tag="700" ind1="1" ind2="#">
      <subfield code="a">ZWEIG, Jason</subfield>
    </datafield>
    <datafield tag="856" ind1="#" ind2="#">
      <subfield code="a">OPAC (Ruangan Sirkulasi - Rak 24.1)</subfield>
    </datafield>
    <datafield tag="990" ind1="#" ind2="#">
      <subfield code="a">550/SP-25</subfield>
    </datafield>
  </record>
</collection>
